Who's That With Ellen DeGeneres? Quiz Stats

 Plays Quiz Updated Jun 24, 2016

Challenge
Share
Tweet
Score 0/20 Timer 06:00
0 Plays Today
% Correct
Kermit the Frog
95%
Hillary Rodham Clinton
94.5%
Justin Bieber
91.4%
Jimmy Fallon
88.9%
Bill Murray
85.1%
Daniel Radcliffe
76%
David Schwimmer
73.8%
Melissa McCarthy
70.2%
Amy Poehler
68.8%
Jamie Foxx and Cameron Diaz
68.6%
% Correct
Emma Stone
66.5%
Bette Midler
62.1%
Jonah Hill
58.6%
Cate Blanchett
47.7%
Portia de Rossi
44.3%
Drew Brees
36.7%
Taraji P. Henson
29.1%
Ellen Pompeo
27.7%
Jessica Lange
23.6%
Ellie Kemper
23.2%

You're not logged in!

Compare scores with friends on all Sporcle quizzes.
OR
Log In

You Might Also Like...

Show Comments

Extras

Top Quizzes Today


Score Distribution

Your Account Isn't Verified!

In order to create a playlist on Sporcle, you need to verify the email address you used during registration. Go to your Sporcle Settings to finish the process.

Report this User

Report this user for behavior that violates our Community Guidelines.

Details: